000 00424 a2200169 4500
020 _a0324259689
022 _a0324224168
082 _a658.15
090 _c6712
_d6712
100 _aBrigham,Eugene F.
245 _aFinancial Management.
_bTheory and Practice.
_cEugene F.Brigham
250 _a11th.
260 _aAmerica.
_bThomson.
_c2005.
300 _a1000p.
500 _aPaper cover
942 _aNBS
_cBK
_k658.15 BRI
999 _c349062
_d349062